| 000 | 00616nam a2200169 a 4500 | ||
|---|---|---|---|
| 001 | 000015704 | ||
| 005 | 20200929164126.0 | ||
| 008 | 100217s1999 dr a 000 0 spa d | ||
| 040 |
_aDO-SdBNP _bspa _cBNPHU |
||
| 082 |
_axxx _bC842e |
||
| 110 | 1 |
_aRepública Dominicana. _bSecretaría de Estado de Agricultura _917769 |
|
| 245 | 1 | 0 |
_aCostos estimados de producción de cultivos temporeros y permanentes 1998. / _cpresentación Amilcar Romero P. |
| 260 |
_aSanto Domingo : _bDivisión Administración Rural, _c1999. |
||
| 300 |
_a139 p. : _bil. ; _c28 cm. |
||
| 700 | 1 |
_aRomero P., Amilcar _epres. _935375 |
|
| 049 | _aBNPD | ||
| 999 |
_c15256 _d15256 |
||